Reforma fiscal y Sistema Nacional de Desarrollo /

Wedi'i Gadw mewn:
Manylion Llyfryddiaeth
Prif Awdur: Lizano Sáenz, Juan Rafael
Fformat: Texto
Pynciau:
Tagiau: Ychwanegu Tag
Dim Tagiau, Byddwch y cyntaf i dagio'r cofnod hwn!

MARC

LEADER 00000 a a2200000 04500
001 8211
003
040
100 |a Lizano Sáenz, Juan Rafael  
245 |a Reforma fiscal y Sistema Nacional de Desarrollo /  |c Juan Rafael Lizano Sáenz 
650 |a REFORMA FISCAL  
650 |a MODELO DE CRECIMIENTO  
650 |a GASTOS PUBLICOS  
650 |a RECESION ECONOMICA  
773 |g volumen 5, número 3; páginas 45-49  
999 |c 25536  |d 25536